| 000 | 00509nam a22001817a 4500 | ||
|---|---|---|---|
| 003 | BD-ChCU | ||
| 005 | 20251030125736.0 | ||
| 008 | 251030b pk ||||| |||| 00| 0 eng d | ||
| 040 | _cBD-ChCU | ||
| 082 | _a297.18 SMM | ||
| 245 |
_aMohammad in the Quran and other Quranic studies / _cSMA |
||
| 260 |
_aAllahabad: _bManzil Library, _cc1952 |
||
| 300 | _a323p. | ||
| 505 | _aIncludes (Islamic series No.1) | ||
| 650 | 0 |
_aAl Quran- Laws & Regulations _915149 |
|
| 710 |
_aSMA _915151 |
||
| 942 |
_2ddc _cBK _n0 |
||
| 999 |
_c108987 _d108987 |
||